| 000 | 01262cam a2200337 a 4500 | ||
|---|---|---|---|
| 999 |
_c232686 _d232686 |
||
| 001 | 13481880 | ||
| 003 | Nust | ||
| 005 | 20170222143456.0 | ||
| 008 | 040126s2003 pk a b 001 0 eng | ||
| 010 | _a 2003344674 | ||
| 020 | _a0195799704 | ||
| 025 | _aP-E-2003344674; 19 | ||
| 035 | _a(DLC) 2003344674 | ||
| 040 |
_aDLC _cDLC _dDLC |
||
| 042 | _alcode | ||
| 043 | _aa-pk--- | ||
| 050 | 0 | 0 |
_aHC440.5 _b.H744 2003 |
| 082 | 0 | 0 |
_a330.95491/053 _222 |
| 100 | 1 |
_aHusain, Ishrat, _d1941- |
|
| 245 | 1 | 0 |
_aEconomic management in Pakistan, 1999-2002 / _cIshrat Husain. |
| 260 |
_aKarachi : _bOxford University Press, _c2003. |
||
| 300 |
_axxi, 271 p. : _bill. ; _c23 cm. |
||
| 504 | _aIncludes bibliographical references and index. | ||
| 651 | 0 |
_aPakistan _xEconomic policy. |
|
| 651 | 0 |
_aPakistan _xEconomic conditions. |
|
| 856 | 4 | 2 |
_3Publisher description _uhttp://www.loc.gov/catdir/enhancements/fy0616/2003344674-d.html |
| 906 |
_a7 _bcbc _corigode _d3 _encip _f20 _gy-gencatlg |
||
| 942 |
_2ddc _cBK |
||